000
00272nam a2200121Ia 4500
008
190216s9999||||xx |||||||||||||| ||und||
100
_a
Menon K P K
245
0
_a
Fine Frenzy
260
_b
Orient Longman
_c
1978
300
_a
114p
650
_a
English Poetry
942
_c
BK
999
_c
12968
_d
12968